[Event "Verbandsliga Nordbaden 1819"]
[Site "Baden"]
[Date "2018.10.14"]
[Round "1.8"]
[White "Loewe, Lennard"]
[Black "Leibbrand, Udo Manfred"]
[Result "1-0"]
[WhiteElo "2202"]
[BlackElo "2036"]
[PlyCount "107"]
[EventDate "2018.10.14"]
[EventType "team-tourn"]
[EventRounds "9"]
[EventCountry "GER"]
[SourceTitle "EXT 2020"]
[Source "ChessBase"]
[SourceDate "2019.10.17"]
[SourceVersion "1"]
[SourceVersionDate "2019.10.17"]
[SourceQuality "1"]
[WhiteTeam "Ettlingen"]
[BlackTeam "Pforzheim"]
[WhiteTeamCountry "GER"]
[BlackTeamCountry "GER"]

1. e4 c5 2. Nf3 d6 3. d4 cxd4 4. Nxd4 Nf6 5. Nc3 a6 6. h3 b5 7. g4 Bb7 8. Bg2 e6 9. 0-0 b4 10. Nd5 exd5 11. exd5 Be7 12. g5 0-0 13. gxf6 Bxf6 14. Bf4 Qb6 15. Nf5 Rd8 16. c3 a5 17. Qg4 Bc8 18. Be4 Na6 19. Qg3 Bxf5 20. Bxf5 Nc5 21. Rfe1 Na4 22. cxb4 axb4 23. Rac1 Nc5 24. b3 g6 25. Bb1 Rac8 26. Rc4 Kg7 27. Bd2 Nxb3 28. Ree4 Rxc4 29. Rxc4 Be5 30. Qh4 Rb8 31. Bd3 Qb7 32. Rc6 Nc5 33. Bc4 Qa8 34. Bh6+ Kg8 35. Qg4 Re8 36. Bf1 Rb8 37. Qe2 Re8 38. Qg4 Rb8 39. h4 f5 40. Qe2 Re8 41. Qb5 Rb8 42. Rb6 Re8 43. Qxb4 Ne4 44. Ra6 Qb8 45. Qxb8 Rxb8 46. Kg2 Rb7 47. Bc4 Kf7 48. Be3 Nc5 49. Rc6 Nd7 50. f4 Bf6 51. Rxd6 Bxh4 52. a4 Be7 53. Rc6 Bb4 54. d6+ 1-0

[Event "Baden-ch"]
[Site "Sasbach"]
[Date "2018.07.28"]
[Round "5"]
[White "Leibbrand, Udo Manfred"]
[Black "Feisst, Simon Anton"]
[Result "0-1"]
[WhiteElo "2040"]
[BlackElo "2106"]
[PlyCount "68"]
[EventDate "2018.07.25"]
[EventType "swiss"]
[EventRounds "7"]
[EventCountry "GER"]
[SourceTitle "CBM 186 Extra"]
[Source "ChessBase"]
[SourceDate "2018.08.24"]
[SourceVersion "1"]
[SourceVersionDate "2018.08.24"]
[SourceQuality "1"]

1. c4 e5 2. Nc3 Nc6 3. Nf3 Nf6 4. e4 g6 5. d4 exd4 6. Nxd4 Bg7 7. Be3 0-0 8. f3 d6 9. Qd2 Re8 10. 0-0-0 Nxd4 11. Bxd4 Be6 12. Be2 h5 13. Rhe1 a6 14. c5 dxc5 15. Bxc5 Qxd2+ 16. Kxd2 b6 17. Be3 b5 18. Kc2 Rac8 19. e5 Bf5+ 20. Bd3 Bxd3+ 21. Rxd3 Rxe5 22. Red1 Rce8 23. Bd4 Re1 24. Rxe1 Rxe1 25. Bc5 Re8 26. Kb3 h4 27. Kb4 Nh5 28. Rd2 Be5 29. h3 Bg3 30. Ka5 Be1 31. Rc2 Re6 32. b4 Nf4 33. Nd1 Nd3 34. a3 Ne5 0-1